000 00972nmc a2200253 a 4500
003 AR-BaBNM
005 20251128203715.0
008 247019s1955 ||||||||||||||000 | spa||
040 _cAR-BaBNM
100 1 _aBarreiro, José P.
_d1900-1973
245 1 0 _aEl espíritu de Mayo y el revisionismo histórico
_b1.-Filiación ideológica de la generación de 1810. 2.-La aparición de la anti-historia. 3.- La visión política y social de Echeverría. 4.- La interpretación histórica de Ingenieros. 5.- Echeverría y el juic
250 _a2ª ed.
260 _aBuenos Aires
_bZamora
_c1955
300 0 _a478 p.
490 0 _aColección argentoria
_vv. 3
504 _aContiene bibliografía para consultar p. 457-466
650 4 _aHISTORIA POLITICA
650 4 _aHISTORIA DE LAS IDEAS
650 4 _aREVOLUCION DE MAYO
650 4 _aANTECEDENTES DE LA REVOLUCION DE MAYO
650 4 _aMOVIMIENTOS EMANCIPADORES LATINOAMERICANOS
942 _cBK
998 _cmariana
999 _c4578
_d4578